000
00261nam a2200109Ia 4500
008
190912s9999||||xx |||||||||||||| ||und||
100
_a
Diane Rowland
245
0
_a
Information Technology Law
260
_a
London
_b
McGraw-Hill
_c
1997
300
_a
405
942
_c
BK
999
_c
7440
_d
7440